Las bellas artes de España (Record no. 184856)

MARC details
000 -LEADER
campo de control de longitud fija 00614nam a2200169 i 4500
001 - NÚMERO DE CONTROL
campo de control 184856
003 - IDENTIFICADOR DE NÚMERO DE CONTROL
campo de control ES-MaACL
005 - FECHA Y HORA DE LA ÚLTIMA TRANSACCIÓN
campo de control 20230906222307.0
008 - DATOS DE LONGITUD FIJA--INFORMACIÓN GENERAL
campo de control de longitud fija 160205s1867 sp |||| | spa d
100 0# - ENTRADA PRINCIPAL--NOMBRE DE PERSONA
Nombre de persona García, José.
9 (RLIN) 54041
245 14 - MENCIÓN DEL TÍTULO
Título Las bellas artes de España
Resto del título : 1866 /
Mención de responsabilidad, etc. José García.
260 ## - PUBLICACIÓN, DISTRIBUCIÓN, ETC.
Lugar de publicación, distribución, etc. Madrid :
Nombre del editor, distribuidor, etc. [s.n.],
Fecha de publicación, distribución, etc. 1867 (
Fabricante Imp. de D.E. Ansart)
300 ## - DESCRIPCIÓN FÍSICA
Extensión 222 p. ;
Dimensiones 20 cm.
500 ## - NOTA GENERAL
Nota general La obra es un juicio crítico de las obras presentadas en la Exposición de Bellas Artes de 1866.
611 04 - PUNTO DE ACCESO ADICIONAL DE MATERIA--NOMBRE DE REUNIÓN/CONGRESO
Nombre de congreso/reunión o jurisdicción como elemento de entrada Exposición Nacional de Bellas Artes.
Fecha del congreso o de la firma del tratado 1866.
Sede del congreso/Lugar de la reunión Madrid)
9 (RLIN) 703
852 ## - LOCALIZACIÓN
Ubicación ES-MaACL
Número de control de estantería G-8985
Holdings
Estatus retirado Estado de pérdida Estado de daño No para préstamo Colección Biblioteca de origen Biblioteca actual Ubicación en estantería Fecha de adquisición Fuente de adquisición Total de préstamos Signatura topográfica completa Código de barras Visto por última vez Precio de reemplazo Tipo de ítem Koha
        Libros del s. XIX Biblioteca del Ateneo de Madrid Biblioteca del Ateneo de Madrid Sala Pecera Planta 3 05/02/2016     G-8985 1194684 23/02/2023 23/02/2023 Libro impreso antiguo